Name Every Corvid - Statistics

General Stats
  • This quiz has been taken 24 times
  • The average score is 38 of 136
Answer Stats
Genus Species % Correct
Corvus American Crow
94%
Blue Jay
94%
Common Raven
94%
California Scrub-Jay
81%
Fish Crow
81%
Cyanocitta Steller's Jay
81%
Carrion Crow
75%
Chihuahuan Raven
75%
Eurasian Magpie
75%
Aphelocoma Florida Scrub-Jay
75%
Green Jay
75%
Hooded Crow
75%
Woodhouse's Scrub-Jay
75%
Black-billed Magpie
69%
Perisoreus Canada Jay
69%
Garrulus Eurasian Jay
69%
Gymnorhinus Pinyon Jay
69%
Rook
69%
Yellow-billed Magpie
69%
Brown Jay
63%
Nucifraga Clark's Nutcracker
63%
Island Scrub-Jay
63%
Cyanocorax Black-Throated Magpie-Jay
56%
Hawaiian Crow
56%
Mexican Jay
56%
Plush-crested Jay
56%
Coloeus Eurasian Jackdaw
50%
Pyrrhocorax Red-billed Chough
50%
White-Throated Magpie-Jay
50%
Australian Raven
44%
House Crow
44%
Tamaulipas Crow
44%
White-necked Raven
44%
Pied Crow
38%
Siberian Jay
38%
Thick-billed Raven
38%
Yellow-billed Chough
38%
Bornean Green-Magpie
31%
Cyanopica Iberian Magpie
31%
Javan Green-Magpie
31%
New Caledonian Crow
31%
Northern Nutcracker
31%
Azure-winged Magpie
25%
Cissa Common Green-Magpie
25%
Cuban Crow
25%
Crypsirina Racket-tailed Treepie
25%
Red-billed Blue-Magpie
25%
Southern Nutcracker
25%
Torresian Crow
25%
Tufted Jay
25%
Asir Magpie
19%
Azure Jay
19%
Beautiful Jay
19%
Black-headed Jay
19%
Bornean Black Magpie
19%
Curl-crested Jay
19%
Fan-tailed Raven
19%
Forest Raven
19%
Indochinese Green-Magpie
19%
Iranian Ground-Jay
19%
Large-billed Crow
19%
Lidth's Jay
19%
Little Crow
19%
Platysmurus Malayan Black Magpie
19%
Mariana Crow
19%
Podoces Mongolian Ground-Jay
19%
Oriental Magpie
19%
Ptilostomus Piapiac
19%
Purplish Jay
19%
Temnurus Ratchet-tailed treepie
19%
Dendrocitta Rufous Treepie
19%
Urocissa Sri Lanka Blue-Magpie
19%
Taiwan Blue-Magpie
19%
Transvolcanic Jay
19%
Turquoise Jay
19%
Western Jackdaw
19%
White-Necked Crow
19%
Yellow-billed Blue-Magpie
19%
Azure-hooded Jay
13%
Black-rumped Magpie
13%
Black-throated Jay
13%
Brown-headed Crow
13%
Brown-necked raven
13%
Cape Crow
13%
Cayenne Jay
13%
Collared Treepie
13%
Cuban Palm-Crow
13%
Dwarf Jay
13%
Gray Crow
13%
Gray Treepie
13%
Hispaniolan Palm-Crow
13%
Little Raven
13%
Pica Maghreb magpie
13%
Piping Crow
13%
Purplish-backed Jay
13%
San Blas Jay
13%
Sichuan Jay
13%
Sinaloa Crow
13%
Somali Crow
13%
Zavattariornis Stresemann's Bush-Crow
13%
Sunda Crow
13%
Turkestan Ground-Jay
13%
Unicolored Jay
13%
Violaceous Jay
13%
Violet Crow
13%
White-collared Jay
13%
White-naped Jay
13%
Cyanolyca White-throated Jay
13%
Xinjiang Ground-Jay
13%
Yucatan Jay
13%
Andaman Treepie
6%
Azure-naped Jay
6%
Banggai Crow
6%
Bismarck Crow
6%
Black-chested Jay
6%
Black-collared Jay
6%
Bornean Treepie
6%
Bougainville Crow
6%
Bushy-crested Jay
6%
Collared Crow
6%
Flores Crow
6%
Guadalcanal Crow
6%
Hooded Treepie
6%
Jamaican Crow
6%
Kashmir Nutcracker
6%
Long-billed Crow
6%
Palawan Crow
6%
Philippine Jungle Crow
6%
Samar Crow
6%
Sierra Madre Crow
6%
Silvery-throated Jay
6%
Sulawesi Crow
6%
Sumatran Treepie
6%
White-bellied Treepie
6%
White-tailed Jay
6%
White-winged Magpie
6%
No matching quizzes found
Score Distribution
Percent of People with Each Score
Percentile by Number Answered
Your Score History
You have not taken this quiz